000
00301nam a2200121Ia 4500
008
191201s2014 xx 000 0 und d
100
_a
COWSILL, Alan
245
0
_a
World War One 1914-1918
260
_b
Kalyani Navyug Media Pvt Ltd
_c
2014
300
_a
109
650
_a
General Books
942
_2
ddc
_c
BK
999
_c
6789
_d
6789